Normal view
MARC view
Entry Personal Name
001 - CONTROL NUMBER
- control field: 854012
003 - CONTROL NUMBER IDENTIFIER
- control field: OSt
005 - DATE AND TIME OF LATEST TRANSACTION
- control field: 20251203112523.0
008 - FIXED-LENGTH DATA ELEMENTS
- fixed length control field: 251203|| aca||aabn | a|a d
040 ## - CATALOGING SOURCE
- Original cataloging agency: OSt
- Transcribing agency: OSt
100 ## - HEADING--PERSONAL NAME
- Personal name: Ali, Samiya Ahmad
670 ## - SOURCE DATA FOUND
- Source citation: Work cat.: (OSt)1465783: Ali, Samiya Ahmad, Al-naqad al-aalami, 2010
